Proceso y Narración Teorı́a y práctica del narrativismo jurı́dico /

Bibliographic Details
Main Author: Calvo Gonzl̀ez, Još
Format: eBook
Language:Spanish
Published: Lima: Palestra Editores, 2020
Subjects:
Online Access:Acceso restringido

MARC

LEADER 00000nam a22000007a 4500
005 20220818004717.0
007 cr|||| ||||
008 220818s2020 pe |||||s|||| 00||0 spa d
020 |a 9786123251123 
035 |a 36880 
040 |a vLex 
090 |c 13751  |d 13751 
100 1 |a Calvo Gonzl̀ez, Još 
245 1 0 |a Proceso y Narración  |h [Recurso electrn̤ico] :  |b Teorı́a y práctica del narrativismo jurı́dico /  |c Jos ̌Calvo Gonzl̀ez 
256 |a Servicio en ln̕ea 
260 |a Lima:  |b Palestra Editores,  |c 2020 
300 |a 1 recurso electrn̤ico 
500 |a Considerar que las identificaciones fc̀tico-jurd̕icas se encuentran prefiguradas por el propio marco de informacin̤ factual que las reglas del proceso instruyen, simplifica la complejidad del problema de los hechos, mas no lo resuelve. Para su comprensin̤ no basta con comprimirlos —mediante subsuncin̤ simple o doble (ponderacin̤)— en figuras jurd̕icas. Es necesario recurrir, adems̀, a la teora̕ de la norma y la teora̕ de la prueba. Pero para delimitar el perm̕etro de incertidumbre normativa, as ̕como para conocer qu ̌y cm̤o probar un hecho, antes se debe elaborar una reconstruccin̤ en historia capaz de mostrar los hechos en accin̤ y no sl̤o la accin̤ de estos. Temas como el control narrativo de la coherencia de la cuestin̤ fc̀tica, el artificio y las condiciones narrativas en que los hechos se construyen procesalmente, estǹdares de discursividad narrativa en las retr̤icas partidarias y retr̤icas de la imparcialidad desenvueltas por los protagonistas procesales, el compromiso del proceso con la verdad de los hechos, son parte del contenido que esta edicin̤ hace visible bajo el tt̕ulo de Proceso y Narracin̤. Teora̕ y prc̀tica del narrativismo jurd̕ico. 
506 1 |a Disponible solo en los productos indicados  |d vLex Global  |d vLex Global (Academic Edition, excluding Law Schools)  |d vLex Global (U.S. Academic Edition, Law Schools)  |d vLex Global (U.S. Academic Edition, excluding Law Schools)  |d vLex Global (Academic Edition, Law Schools) 
650 0 4 |a Derecho Militar  |z Per︢ 
650 0 4 |a Filosofa̕ y religin̤  |z Per︢ 
740 0 |a vLex Libros (Servicio en ln̕ea) 
856 4 0 |u https://app.vlex.com/#/sources/36880  |z Acceso restringido 
942 |c BOOK 
999 0 |a Military Law 
999 0 |a Philosophy and religion